Radikálna hospodárska reforma je rozporná a protirečivá

Úryvok zo zborníka Nezávislého združenia ekonómov Slovenska (NEZES) vydaného pri príležitosti 10. výročia jeho vzniku. Stanovy a história NEZES-u. Obsah prvého valného zhromaždenia v novembri 1990. Aktivity NEZES-u v období rozdeľovania československej federácie. Priebeh misie NR SR vo Washingtone D...

Ausführliche Beschreibung

Gespeichert in:
Bibliographische Detailangaben
Format: Buchkapitel
Sprache:Slowakisch
Schlagworte:
Tags: Tag hinzufügen
Keine Tags, Fügen Sie das erste Tag hinzu!

MARC

LEADER 00000naa a2200000 4500
001 r037728
005 20230824104715.7
041 0 |a slo 
044 |a SK 
245 1 0 |a Radikálna hospodárska reforma je rozporná a protirečivá 
520 |a Úryvok zo zborníka Nezávislého združenia ekonómov Slovenska (NEZES) vydaného pri príležitosti 10. výročia jeho vzniku. Stanovy a história NEZES-u. Obsah prvého valného zhromaždenia v novembri 1990. Aktivity NEZES-u v období rozdeľovania československej federácie. Priebeh misie NR SR vo Washingtone D.C. 
610 2 0 |a ekonómovia 
610 2 0 |a Slovensko 
610 2 0 |a zhromaždenia valné 
610 2 0 |a história 
610 2 0 |a stanovy 
610 2 0 |a 1990-2000